000 00473nam a2200181Ia 4500
001 5141
005 20260306145846.0
008 260306t2014||||xx |||||||||||||| ||spa||
041 _aESP
082 _a333.912
_bA32
100 _aAgüero Pittman, Roger
_eAUT
245 0 _aAgua potable para poblaciones rurales:
_bsistemas de abastecimientopor gravedad sin tratamiento
260 _c2014
300 _a
_c
650 _aGEN
654 _aCAN
942 _cLIB
_dJUS
_fJUS
_2ddc
_n
999 _c5141
_d5141